书目信息 |
| 题名: |
欧洲中世纪与文艺复兴美术
|
|
| 作者: | 薛强 编 | |
| 分册: | ||
| 出版信息: | 天津 天津人民美术出版社 1999.12 |
|
| 页数: | 254页 | |
| 开本: | 48开 | |
| 丛书名: | ||
| 单 册: | ||
| 中图分类: | J23 | |
| 科图分类: | ||
| 主题词: | 绘画--世界 , 绘画--各国 | |
| 电子资源: | ||
| ISBN: | 7-5305-0623-4 | |
| 000 | 00598nam0 2200205 45 | |
| 001 | 0008211138 | |
| 005 | 20000822094302.2 | |
| 010 | @a7-5305-0623-4@d78.00元 | |
| 100 | @a20000821d1999 km y0chiy0120 ea | |
| 101 | 0 | @achi |
| 105 | @a z 000yy | |
| 200 | 1 | @a欧洲中世纪与文艺复兴美术@AOu Zhou Zhong Shi Ji Yu Wen Yi Fu Xing Mei Shu@f薛强等编@FXue Qiang Deng Bian |
| 210 | @a天津@c天津人民美术出版社@d1999.12 | |
| 215 | @a254页@d48开 | |
| 606 | 0 | @a绘画@x世界 |
| 606 | 0 | @a绘画@y各国 |
| 690 | @aJ23@v3 | |
| 701 | 0 | @a薛强@4编 |
| 801 | @aCN@bPftUser@c20000821 | |
| 905 | @b112958@dJ23@eX.510/2@f1 | |
| 欧洲中世纪与文艺复兴美术/薛强等编.-天津:天津人民美术出版社,1999.12 |
| 254页;48开 |
| ISBN 7-5305-0623-4:78.00元 |
| ● |
| 相关链接 |
|
|
|
正题名:欧洲中世纪与文艺复兴美术
索取号:J23/X.510/2
 
预约/预借
| 序号 | 登录号 | 条形码 | 馆藏地/架位号 | 状态 | 备注 |
| 1 | 112958 | 201129581 | 社科库309/ [索取号:J23/X.510/2] | 在馆 |